000 00287nam a2200121Ia 4500
008 220204s9999 xx 000 0 und d
082 _a678.5
_bHOR;1
100 _aHorne, M R
245 0 _aPlastic theory of structures
250 _a2
260 _aNew York
_bPergamon
_c1979
942 _cBK
999 _c32038
_d32038